000 00878nam a2200241 a 4500
001 BRCA_2606
005 20190320203903.0
008 281108s1954----nyua---###---#000-0#eng-#
041 _aeng
044 _anyu
050 4 _aN11
_b.H57 1 1954
245 1 0 _aThe Hispanic Society of America Museum and Library
_binformation booklet issued to mark the fiftietn anniversary of the founding of the Society
_cHispanic Society of America.
260 _aNew York
_bHispanic Society of America
_c1954
300 _a1 v. (sin paginación)
_bil.
_c19 cm.
500 _aEjemplar igual a S104
500 _aAA13
610 2 4 _aHispanic Society of America
_bMuseum
_97434
610 2 4 _aHispanic Society of America
_bLibrary
_97435
650 1 4 _aSociedades de arte
_vAniversarios
_zEstados Unidos
_97436
650 1 4 _aGalerías y museos
_zEstados Unidos
_97437
902 _aGFM
942 _2lcc
_cB
999 _c2346
_d2346